[Event "Salsomaggiore Terme op"]
[Site "Salsomaggiore Terme"]
[Date "2005.06.20"]
[Round "1"]
[White "Nelli, Luca"]
[Black "Cottarelli, Franco"]
[Result "0-1"]
[WhiteElo "2215"]
[BlackElo "1930"]
[PlyCount "88"]
[EventDate "2005.06.04"]
[EventType "swiss"]
[EventRounds "6"]
[EventCountry "ITA"]
[SourceTitle "EXT 2006"]
[Source "ChessBase"]
[SourceDate "2005.11.24"]
[SourceVersion "1"]
[SourceVersionDate "2005.11.24"]
[SourceQuality "1"]

1. c4 f5 2. Nf3 Nf6 3. b3 d6 4. g3 e5 5. Bg2 Be7 6. 0-0 0-0 7. Nc3 Nbd7 8. Ng5 Nb6 9. d3 c6 10. e3 Qe8 11. f4 Ng4 12. Nf3 Bf6 13. fxe5 dxe5 14. Ne1 Be6 15. e4 f4 16. h3 Nh6 17. Qf3 Qd7 18. Ba3 Qd4+ 19. Kh2 Qxc3 20. Rc1 Qd4 21. Bxf8 Rxf8 22. gxf4 exf4 23. Qe2 Bh4 24. Nf3 Bg3+ 25. Kh1 Qd7 26. Ng5 Nf7 27. Nxe6 Qxe6 28. d4 Ng5 29. Rc3 Qh6 30. Qg4 Rd8 31. Rd3 Nd7 32. Qf5 g6 33. Qg4 Nf6 34. Qe2 Ngxe4 35. Kg1 Re8 36. Qb2 g5 37. d5 cxd5 38. cxd5 g4 39. d6 gxh3 40. Bxe4 h2+ 41. Kh1 Nxe4 42. Qd4 Qe6 43. Rfd1 Rd8 44. d7 Qc6 0-1

[Event "ITA-ch sf"]
[Site "Arvier"]
[Date "2002.06.29"]
[Round "8"]
[White "Mussoni, Marcello"]
[Black "Nelli, Luca"]
[Result "1/2-1/2"]
[WhiteElo "2250"]
[BlackElo "2173"]
[PlyCount "155"]
[EventDate "2002.06.22"]
[EventType "swiss"]
[EventRounds "9"]
[EventCountry "ITA"]
[SourceTitle "CBM 089 Extra"]
[Source "ChessBase"]
[SourceDate "2002.09.10"]
[SourceVersion "2"]
[SourceVersionDate "2002.09.10"]
[SourceQuality "1"]

1. d4 Nf6 2. Nf3 c5 3. e3 b6 4. Bd3 Bb7 5. Nbd2 g6 6. c3 Bg7 7. 0-0 0-0 8. Re1 d6 9. e4 cxd4 10. Nxd4 Nbd7 11. Bc2 Qc8 12. Nf1 a6 13. Ng3 Ne5 14. Nf3 Nxf3+ 15. Qxf3 Qg4 16. Qxg4 Nxg4 17. Bg5 Rfe8 18. Rad1 b5 19. Bc1 Ne5 20. Nf1 Rac8 21. Bb3 Nc4 22. a3 a5 23. Re2 Rc7 24. f3 Rec8 25. Ba2 b4 26. axb4 axb4 27. b3 Ne5 28. c4 Ra8 29. Ne3 Rc5 30. Bb1 Nc6 31. Nc2 Na5 32. Be3 Rcc8 33. Nxb4 Nxb3 34. Nd5 Bxd5 35. cxd5 Ra1 36. Ra2 Rc3 37. Rxa1 Nxa1 38. Bd2 Rb3 39. Kf1 Rb2 40. Be3 Nb3 41. Kg1 Bc3 42. h4 Kg7 43. Kh2 f6 44. Kh3 h5 45. Bd3 Bd2 46. Bg1 Nc1 47. Bf1 Bh6 48. Bd4 Rc2 49. Bd3 Nxd3 50. Rxd3 Re2 51. Rd1 Kf7 52. Bc3 f5 53. Re1 Rc2 54. Bd4 Rd2 55. Be3 Bxe3 56. Rxe3 Kf6 57. exf5 gxf5 58. Re6+ Kf7 59. Rh6 Rxd5 60. Rxh5 Kg6 61. Rh8 Rd3 62. h5+ Kg7 63. Rd8 f4 64. Kg4 Rd2 65. Kxf4 Rxg2 66. Re8 Re2 67. Kg5 Rg2+ 68. Kf5 Kf7 69. Rd8 e6+ 70. Kf4 d5 71. Rh8 Re2 72. Kg5 Re5+ 73. Kg4 Re2 74. Kg5 e5 75. Kf5 d4 76. Rd8 Re3 77. f4 exf4 78. Kxf4 1/2-1/2

[Event "ITA-ch sf"]
[Site "Arvier"]
[Date "2002.06.28"]
[Round "7"]
[White "Nelli, Luca"]
[Black "Laco, Giuseppe"]
[Result "1/2-1/2"]
[WhiteElo "2173"]
[BlackElo "2149"]
[PlyCount "131"]
[EventDate "2002.06.22"]
[EventType "swiss"]
[EventRounds "9"]
[EventCountry "ITA"]
[SourceTitle "CBM 089 Extra"]
[Source "ChessBase"]
[SourceDate "2002.09.10"]
[SourceVersion "2"]
[SourceVersionDate "2002.09.10"]
[SourceQuality "1"]

1. c4 e5 2. Nc3 g6 3. g3 Bg7 4. Bg2 c6 5. b4 Ne7 6. c5 d5 7. cxd6 Qxd6 8. Rb1 f5 9. Nh3 h6 10. 0-0 0-0 11. Qc2 g5 12. f4 gxf4 13. gxf4 e4 14. Bb2 Nd7 15. d3 exd3 16. Qxd3 Qxd3 17. exd3 Bd4+ 18. Kh1 Ng6 19. b5 Rf6 20. Na4 Bxb2 21. Rxb2 cxb5 22. Rxb5 Rb8 23. Rc1 Rd6 24. Rc7 Rxd3 25. Rxf5 Ndf8 26. Rd5 Bxh3 27. Rxd3 Bxg2+ 28. Kg1 Be4 29. Rg3 Kh8 30. Nc3 Bf5 31. Nd5 Ne6 32. Rf7 Rf8 33. Rxb7 Nexf4 34. Nxf4 Nxf4 35. Re3 a6 36. Ree7 Nd5 37. Rf7 Rxf7 38. Rxf7 Bd3 39. Rd7 Bc4 40. a3 h5 41. Kf2 h4 42. h3 Nf4 43. Rd4 Nxh3+ 44. Kg2 Be6 45. Rd6 Ng5 46. Rxa6 Kg7 47. a4 Kf6 48. Rb6 Kf5 49. a5 Bd5+ 50. Kh2 Kg4 51. Rb4+ Kh5 52. a6 Nf3+ 53. Kg2 Ne5+ 54. Kh3 Be6+ 55. Kh2 Ng4+ 56. Kg1 h3 57. Rb5+ Kh4 58. a7 Kg3 59. a8Q h2+ 60. Kf1 Bc4+ 61. Ke1 Bxb5 62. Qe4 Ba6 63. Qc6 Bb5 64. Qe4 Ba6 65. Qc6 Bb5 66. Qe4 1/2-1/2

[Event "ITA-ch sf"]
[Site "Arvier"]
[Date "2002.06.26"]
[Round "5"]
[White "Nelli, Luca"]
[Black "Buchicchio, Giampaolo"]
[Result "0-1"]
[WhiteElo "2173"]
[BlackElo "2188"]
[PlyCount "118"]
[EventDate "2002.06.22"]
[EventType "swiss"]
[EventRounds "9"]
[EventCountry "ITA"]
[SourceTitle "CBM 089 Extra"]
[Source "ChessBase"]
[SourceDate "2002.09.10"]
[SourceVersion "2"]
[SourceVersionDate "2002.09.10"]
[SourceQuality "1"]

1. c4 c6 2. Nf3 Nf6 3. b3 d5 4. Bb2 h6 5. g3 Bf5 6. Bg2 e6 7. d3 Be7 8. Nbd2 Nbd7 9. Qc2 Bh7 10. cxd5 cxd5 11. Rc1 0-0 12. 0-0 Rc8 13. Qb1 Qa5 14. Rxc8 Rxc8 15. Rc1 Rxc1+ 16. Bxc1 Bc5 17. Qb2 Qb6 18. d4 Bf8 19. h3 Qc6 20. Ne5 Nxe5 21. dxe5 Nd7 22. f4 Qb6+ 23. Kh2 Qf2 24. Nf3 Nc5 25. Qd2 Ne4 26. Qe1 Qxe1 27. Nxe1 Nc3 28. a3 Nxe2 29. Bb2 Bc5 30. Bf1 Bd4 31. Bxe2 Bxb2 32. a4 Bb1 33. Bd3 Bxd3 34. Nxd3 Bd4 35. g4 g5 36. f5 f6 37. exf6 exf5 38. gxf5 Kf7 39. Nb4 Kxf6 40. Nxd5+ Kxf5 41. Kg3 Ke5 42. Nb4 h5 43. Kf3 Bc5 44. Nc2 a6 45. b4 Be7 46. b5 a5 47. Ne3 Bd8 48. b6 Kd4 49. Nf5+ Kc5 50. Ng7 Kb4 51. Nf5 Kc5 52. Ng7 Bxb6 53. Ne6+ Kb4 54. Nxg5 Kxa4 55. Ke2 Kb3 56. Ne4 a4 57. Nd2+ Kc3 58. Nb1+ Kb2 59. Nd2 a3 0-1

[Event "Genova op"]
[Site "Genova"]
[Date "2001.11.24"]
[Round "7"]
[White "Nelli, Luca"]
[Black "Molina, Fabrizio"]
[Result "1-0"]
[WhiteElo "2207"]
[BlackElo "2305"]
[PlyCount "81"]
[EventDate "2001.11.19"]
[EventType "swiss"]
[EventRounds "9"]
[EventCountry "ITA"]
[SourceTitle "CBM 085 Extra"]
[Source "ChessBase"]
[SourceDate "2002.01.21"]
[SourceVersion "1"]
[SourceVersionDate "2002.01.21"]
[SourceQuality "1"]

1. c4 c5 2. Nc3 Nc6 3. g3 g6 4. Bg2 Bg7 5. e3 e5 6. Nge2 Nge7 7. 0-0 0-0 8. a3 Rb8 9. Rb1 a6 10. b4 cxb4 11. axb4 b5 12. cxb5 axb5 13. d4 exd4 14. Nxd4 Nxd4 15. exd4 Nf5 16. Ne2 Re8 17. d5 Qb6 18. Bb2 Bb7 19. Bxg7 Kxg7 20. Qd3 f6 21. Rfe1 Re5 22. Nc3 Nd6 23. Rxe5 fxe5 24. Ne4 Nxe4 25. Qxe4 d6 26. Rc1 Rc8 27. Rxc8 Bxc8 28. h4 Bf5 29. Qe2 Bd7 30. h5 Qd4 31. hxg6 hxg6 32. Qc2 Bf5 33. Qc7+ Kh6 34. Qxd6 Qd1+ 35. Kh2 Qh5+ 36. Kg1 Qd1+ 37. Bf1 Bd3 38. Qf8+ Kg5 39. f4+ Kg4 40. fxe5 Bxf1 41. Qf4+ 1-0

[Event "Salsomaggiore Terme op 5th"]
[Site "Salsomaggiore Terme"]
[Date "2001.05.??"]
[Round "1"]
[White "Nelli, Luca"]
[Black "Di Pancrazio, Luciano"]
[Result "1-0"]
[WhiteElo "2184"]
[BlackElo "1935"]
[PlyCount "47"]
[EventDate "2001.05.??"]
[EventType "swiss"]
[EventRounds "6"]
[EventCountry "ITA"]
[SourceTitle "EXT 2024"]
[Source "ChessBase"]
[SourceDate "2023.10.10"]
[SourceVersion "1"]
[SourceVersionDate "2023.10.10"]
[SourceQuality "1"]

1. c4 e6 2. Nf3 Nf6 3. b3 b6 4. g3 Bb7 5. Bg2 Be7 6. 0-0 d6 7. Bb2 e5 8. d4 exd4 9. Qxd4 Nbd7 10. Nc3 Nc5 11. Rfe1 Ne6 12. Qd2 0-0 13. e4 Nc5 14. Nd4 Nfd7 15. f4 Bf6 16. Nd5 Ne6 17. e5 dxe5 18. Nxf6+ Nxf6 19. Bxb7 Rb8 20. fxe5 Ng4 21. Bd5 Nxh2 22. Kxh2 h5 23. Nc6 Qd7 24. Nxb8 1-0

[Event "Viareggio op"]
[Site "Viareggio"]
[Date "2001.02.??"]
[Round "?"]
[White "Nelli, Luca"]
[Black "Carzolio, Luigi"]
[Result "1-0"]
[WhiteElo "1985"]
[BlackElo "1820"]
[PlyCount "63"]
[EventDate "2001.02.16"]
[EventType "swiss"]
[EventRounds "7"]
[EventCountry "ITA"]
[SourceTitle "EXT 2004"]
[Source "ChessBase"]
[SourceDate "2003.11.25"]
[SourceVersion "1"]
[SourceVersionDate "2003.11.25"]
[SourceQuality "1"]

1. c4 Nc6 2. Nc3 e5 3. g3 f5 4. Bg2 Nf6 5. d3 Bb4 6. Bd2 0-0 7. Nf3 d6 8. 0-0 Bd7 9. a3 Bxc3 10. Bxc3 Kh8 11. b4 Qe7 12. b5 Nd8 13. a4 Ne6 14. Ne1 Nc5 15. Nc2 c6 16. Nb4 Rac8 17. Qc2 Qf7 18. bxc6 bxc6 19. d4 exd4 20. Bxd4 Nce4 21. c5 Be6 22. Nd3 Bb3 23. Qb2 Rb8 24. Rfb1 Bc4 25. Qxb8 Rxb8 26. Rxb8+ Ng8 27. cxd6 Bxd3 28. exd3 Nxd6 29. Rab1 Qd7 30. Ra8 Nb5 31. axb5 Qxd4 32. bxc6 1-0

[Event "Genova op1"]
[Site "Genova"]
[Date "2001.??.??"]
[Round "2"]
[White "Nelli, Luca"]
[Black "De Santis, Alessio"]
[Result "1/2-1/2"]
[WhiteElo "2146"]
[BlackElo "2313"]
[PlyCount "78"]
[EventDate "2001.??.19"]
[EventType "swiss"]
[EventRounds "9"]
[EventCountry "ITA"]
[SourceTitle "EXT 2002"]
[Source "ChessBase"]
[SourceDate "2001.11.25"]
[SourceVersion "1"]
[SourceVersionDate "2001.11.25"]
[SourceQuality "1"]

1. c4 e5 2. Nc3 Bb4 3. g3 Nc6 4. Bg2 Nge7 5. e3 Bxc3 6. dxc3 d6 7. e4 Be6 8. Qd3 a5 9. a4 0-0 10. Ne2 Qd7 11. 0-0 Bh3 12. Be3 b6 13. Rad1 Bxg2 14. Kxg2 Nd8 15. b3 Qc6 16. f4 exf4 17. Nxf4 Ne6 18. Nxe6 fxe6 19. Rxf8+ Rxf8 20. Rf1 Rxf1 21. Kxf1 Ng6 22. Bd4 Qa8 23. h3 h6 24. Qf3 c5 25. Bf2 Ne5 26. Qf4 Nf7 27. h4 Ne5 28. Ke2 Qe8 29. Kd2 Qh5 30. Qe3 Qg4 31. Qe2 Qh3 32. Be1 Qh1 33. Kc2 Kf7 34. Bd2 Ke7 35. Bf4 Nd7 36. e5 d5 37. cxd5 Qxd5 38. Qg4 Kf8 39. Qe2 Ke7 1/2-1/2

[Event "Lucca op 12th"]
[Site "Lucca"]
[Date "2000.10.15"]
[Round "5"]
[White "Patelli, Alessandro"]
[Black "Nelli, Luca"]
[Result "1-0"]
[WhiteElo "2178"]
[BlackElo "1927"]
[PlyCount "65"]
[EventDate "2000.10.07"]
[EventType "swiss"]
[EventRounds "6"]
[EventCountry "ITA"]
[SourceTitle "EXT 2002"]
[Source "ChessBase"]
[SourceDate "2001.11.25"]
[SourceVersion "1"]
[SourceVersionDate "2001.11.25"]
[SourceQuality "1"]

1. Nf3 Nf6 2. c4 c5 3. Nc3 b6 4. g3 Bb7 5. Bg2 g6 6. 0-0 Bg7 7. d4 cxd4 8. Nxd4 Bxg2 9. Kxg2 0-0 10. e4 Nc6 11. Nde2 Qc7 12. f3 Qb7 13. Be3 d6 14. Qd2 a6 15. Rac1 b5 16. Nd5 Rab8 17. cxb5 Nxd5 18. exd5 Ne5 19. b6 Rfc8 20. b3 Nd7 21. Rxc8+ Rxc8 22. Rc1 Rxc1 23. Qxc1 Nxb6 24. Qc6 Qxc6 25. dxc6 Nc8 26. b4 Bb2 27. a4 Ba3 28. b5 axb5 29. axb5 Bc5 30. Bxc5 dxc5 31. Nc3 Nb6 32. c7 c4 33. Na4 1-0

[Event "Lucca op 12th"]
[Site "Lucca"]
[Date "2000.10.08"]
[Round "3"]
[White "Bartolini, Tommaso"]
[Black "Nelli, Luca"]
[Result "1-0"]
[WhiteElo "2171"]
[BlackElo "1927"]
[PlyCount "121"]
[EventDate "2000.10.07"]
[EventType "swiss"]
[EventRounds "6"]
[EventCountry "ITA"]
[SourceTitle "EXT 2002"]
[Source "ChessBase"]
[SourceDate "2001.11.25"]
[SourceVersion "1"]
[SourceVersionDate "2001.11.25"]
[SourceQuality "1"]

1. d4 Nf6 2. Bg5 e6 3. Nf3 b6 4. e3 Bb7 5. Nbd2 Be7 6. Bd3 d5 7. c3 Nbd7 8. Qa4 c6 9. 0-0 h6 10. Bh4 0-0 11. Ne5 Nxe5 12. dxe5 Nd7 13. Bxe7 Qxe7 14. Qf4 f6 15. exf6 Qxf6 16. Qg3 e5 17. e4 Nc5 18. Bc2 Ne6 19. Nf3 Nf4 20. Rfe1 Ba6 21. exd5 e4 22. Rxe4 cxd5 23. Rxf4 Qxf4 24. Qg6 Rf6 25. Qh7+ Kf7 26. Re1 Re6 27. Rxe6 Kxe6 28. Nd4+ Kd6 29. Nf5+ Kc6 30. Qg6+ Kc7 31. Qxg7+ Kc6 32. Qf6+ Kc7 33. Qe7+ Kb8 34. Qd8+ Bc8 35. Ne3 Qe5 36. Bb3 Qc7 37. Qxd5 a6 38. Qh5 Qg7 39. Qh4 Ka7 40. Bd5 Rb8 41. g3 Qg5 42. Qd4 Bb7 43. h4 Qg6 44. c4 Qd6 45. Qg7 Ka8 46. a3 Bxd5 47. Nxd5 Rb7 48. Qd4 Qc5 49. Qxc5 bxc5 50. b4 cxb4 51. axb4 Ka7 52. g4 Rb8 53. f4 Rc8 54. c5 Rd8 55. Ne7 Re8 56. Nc6+ Kb7 57. Ne5 Rd8 58. f5 Rd4 59. f6 Rxb4 60. g5 hxg5 61. hxg5 1-0

[Event "Viareggio Carnevale op 5th"]
[Site "Viareggio"]
[Date "2000.02.25"]
[Round "2"]
[White "Djuric, Stefan"]
[Black "Nelli, Luca"]
[Result "1-0"]
[WhiteElo "2491"]
[BlackElo "1936"]
[PlyCount "53"]
[EventDate "2000.02.25"]
[EventType "swiss"]
[EventRounds "5"]
[EventCountry "ITA"]
[SourceTitle "EXT 2024"]
[Source "ChessBase"]
[SourceDate "2023.10.10"]
[SourceVersion "1"]
[SourceVersionDate "2023.10.10"]
[SourceQuality "1"]

1. e4 e5 2. Nf3 Nc6 3. Bb5 a6 4. Ba4 Nf6 5. d4 Nxd4 6. Nxd4 exd4 7. e5 Ne4 8. Qxd4 Nc5 9. Bb3 Nxb3 10. axb3 Be7 11. Qg4 Kf8 12. Qf3 Rb8 13. 0-0 f6 14. Nc3 d6 15. exf6 Bxf6 16. Re1 c6 17. Ne4 d5 18. Nxf6 Qxf6 19. Bf4 Ra8 20. Bd6+ Kf7 21. Re7+ Kg6 22. Qg3+ Kh5 23. Rxg7 Bf5 24. Be5 Qh4 25. Qf3+ Bg4 26. Qf7+ Kh6 27. Bf4+ 1-0

[Event "Montecatini Terme op"]
[Site "Montecatini Terme"]
[Date "2000.??.??"]
[Round "2"]
[White "Sax, Gyula"]
[Black "Nelli, Luca"]
[Result "1-0"]
[WhiteElo "2563"]
[BlackElo "2279"]
[PlyCount "57"]
[EventDate "2000.07.??"]
[EventType "swiss"]
[EventRounds "9"]
[EventCountry "ITA"]
[SourceTitle "EXT 2001"]
[Source "ChessBase"]
[SourceDate "2000.11.22"]
[SourceVersion "1"]
[SourceVersionDate "2000.11.22"]
[SourceQuality "1"]

1. e4 e5 2. Nf3 Nc6 3. Bb5 a6 4. Ba4 Nf6 5. 0-0 b5 6. Bb3 Bb7 7. d3 Bc5 8. c4 b4 9. Ba4 Qe7 10. Nbd2 0-0 11. Nb3 Bb6 12. Nh4 d6 13. Bd2 a5 14. a3 Bc5 15. Kh1 Qe6 16. f4 exf4 17. Bxf4 Bb6 18. Bg5 Nd7 19. Bxc6 Bxc6 20. Nf5 Bb7 21. Bh6 g6 22. Nbd4 Qe5 23. Nf3 Qxb2 24. Ne7+ Kh8 25. Bxf8 Rxf8 26. axb4 Qxb4 27. Ng5 Kg7 28. Qf3 h6 29. Qxf7+ 1-0